Discovery Science : 17th International Conference, DS 2014, Bled, Slovenia, October 8-10, 2014 : Proceedings /

Selección de ponencias presentadas en la décima séptima Conferencia Internacional sobre Descubrimientos en Ciencias de la Computación, celebrada en Bled, Eslovenia, en octubre de 2014. Los trabajos abordan temas relacionados con el desarrollo de la inteligencia artificial en el campo de la computaci...

Descripció completa

Guardat en:
Dades bibliogràfiques
Autor corporatiu: International Conference on Discovery Science ( Bled, Eslovenia)
Altres autors: Džeroski, Sašo (edición) (edición)
Format: Actes de congresos Llibre
Idioma:anglès
Publicat: Cham, Suiza : Springer, 2014, c2014
Col·lecció:(Lecture Notes in Computer Science ; Lecture Notes in Artificial Intelligence) 8777.
Matèries:
Accés en línia:Ver documento en línea
Etiquetes: Afegir etiqueta
Sense etiquetes, Sigues el primer a etiquetar aquest registre!

MARC

LEADER 00000nam^a2200000^a^4500
001 000554918
005 20251023000000.0
009 20260310131707.207
020 |a 978-3-319-11812-3 
037 |a Acervo ITESO - Biblioteca 
041 |a ING 
082 |a Libro en línea 
111 |a International Conference on Discovery Science (  |n 17a :  |d 2014 :  |c Bled, Eslovenia) 
245 1 0 |a Discovery Science :  |b 17th International Conference, DS 2014, Bled, Slovenia, October 8-10, 2014 : Proceedings /  |c Ed. de S. Džeroski... [et al.]. 
264 4 |a Cham, Suiza :  |b Springer,  |c 2014, c2014 
264 2 |a Cham, Suiza :  |b Springer Link [distribución],  |c 2014, c2014 
300 |a 1 libro electrónico en línea (XXII, 364 p.) 
300 |a 1 recurso en línea 
336 |a datos para computadora  |b cod  |2 rdacontenido 
337 |a computadora  |b c  |2 rdamedio 
338 |a recurso en línea  |b cr  |2 rdasoporte 
440 1 |a (Lecture Notes in Computer Science ;  |v 8777.  |p Lecture Notes in Artificial Intelligence) 
506 0 |a Licencias ilimitadas 
520 |a Selección de ponencias presentadas en la décima séptima Conferencia Internacional sobre Descubrimientos en Ciencias de la Computación, celebrada en Bled, Eslovenia, en octubre de 2014. Los trabajos abordan temas relacionados con el desarrollo de la inteligencia artificial en el campo de la computación, principalmente la minería de datos, almacenamiento y recuperación de información, gestión de bases de datos y algoritmos. 
649 |a XX 
650 |a Algoritmos Computacionales 
650 |a Reconocimiento de Imagen 
650 |a Agentes Inteligentes (Software) 
650 |a Aprendizaje Automático (Inteligencia Artificial) 
650 |a Big Data 
650 |a Minería de Datos 
650 |a Reconocimiento de Patrones 
650 |a Visión por Computadora 
650 |a Inteligencia Artificial -  |x Congresos -  |x Tema Principal 
650 |a Inteligencia Artificial -  |x Tema Principal 
650 |a Almacenamiento de Información (Cómputo) 
650 |a Bases de Datos 
650 |a Información -  |x Administración 
650 |a Sistemas de Información 
650 |a Ingeniería Computacional 
700 |a Džeroski, Sašo  |e (edición) 
856 4 0 |u https://link-springer-com.ezproxy.iteso.mx/10.1007/978-3-319-11812-3  |y Ver documento en línea 
910 |a Fondo General 
920 |a Electrónicos - Libros en Línea 
930 |a Plataforma Digital 
905 |a 205 
901 |a 554918-1  |b IT2  |c EBO  |i C  |u 20250521 
902 |a https://opac.biblio.iteso.mx/vufind/Record/000554918